000 01676nam a22002297a 4500
999 _c63527
_d63527
003 Ge_BSU
005 20251027175143.0
008 251027s1943 ge ||||| |||| 00| 0 geo d
041 _ageo
080 _a141.82 წ-87
100 _aწულუკიძე, ა.
_922487
245 _aთხზულებანი /
_cა. წულუკიძე; რედ.: ი. თავაძე და ქუთელია; წინასიტყვ. ავტ.: ი.ბ. სტალინი და ლ. ბერია; საკ. კპ(ბ) ცენტრალურ კომიტეტთან არსებული მარქს-ენგელს-ლენინის ინსტიტუტის თბილისის ფილიალი.
264 _aთბილისი :
_bსახელგამი, პოლიტლიტერატურის სექტორი,
_c1943.
300 _a296 გვ. :
_b2 ჩართ. ფურც. პორტრ. და ავტოგრაფი ;
_c22 სმ.
500 _aდანართი: შენიშვნები გვ. 289-291. სახელთა საძიებელი. გვ. 292-293.
653 _aმარქსიზმ-ლენინიზმი
700 _aთავაძე, ი.
_eრედაქტორი
_96498
700 _aქუთელია, ა.
_eრედაქტორი
_926113
700 _aსტალინი, ი.ბ.
_eწინასიტყვაობის ავტორი
_96130
700 _aბერია, ლ.
_e წინასიტყვაობის ავტორი
_926114
942 _2udc
_cᲬᲘᲒᲜᲘ